Pokémon - Les attaques de Rondoudou - Statistiques

Statistiques générales
  • Ce quiz a été pris 14 fois
  • Le résultat moyen est 11 sur 21
Statistiques - réponses
Niveaux Types Noms des attaques % Correct
Départ Normal Berceuse
100%
Départ Fée Charme
90%
Départ Normal Boul'Armure
70%
Départ Normal Écras'Face
70%
Niveau 20 Psy Repos
70%
Départ Fée Voix Enjôleuse
70%
Niveau 40 Fée Câlinerie
60%
Niveau 44 Normal Damoclès
60%
Départ Fée Doux Baiser
60%
Niveau 16 Normal Chant Canon
50%
Niveau 4 Normal Écho
50%
Niveau 8 Normal Implore
50%
Niveau 36 Normal Mégaphone
50%
Niveau 24 Normal Plaquage
40%
Niveau 28 Normal Copie
30%
Départ Normal Photocopie
30%
Niveau 12 Normal Avale
20%
Départ Normal Entrave
20%
Niveau 32 Acier Gyroballe
20%
Niveau 12 Normal Relâche
20%
Niveau 12 Normal Stockage
20%
Aucun quiz correspondant
Distribution des résultats
% des personnes avec chaque résultat
Percentile par nombre de réponses
Votre historique - résultats
Vous n’avez pas pris ce quiz